00749 a2200397 4500000002100000001000700021005001700028008004100045010000500086020000500091082001600096100001700112110000500129245005300134250000500187260003600192300001000228490000700238500000500245600000500250610000500255611000500260630000500265650000500270651000500275654000500280700001800285700000500303710000900308711000500317720000500322730000500327740000500332752000500337856000900342BKB 07197520200902151120.0  a a a515.7bS92F1 aShukla, S.L. a1 aFunctional analysiscby S.L. Shukla and N. Saran a aMeerutbPragati Prakashanc2010 a252p. av a a a a a a a a aSaran, N.bc1 a abc a a a a a adf